000 01024pam a2200289 a 4500
001 014903477
003 OSt
005 20201128021017.0
008 081217t2010 xxua frb 001 0 eng d
020 _a9780321601483 (pbk.)
020 _a0321601483 (pbk.)
040 _aStDuBDS
_beng
_cStDuBDS
_dIeDuTC
_dUk
082 0 4 _a004.019
_222
_bSHN
100 1 _aShneiderman, Ben,
_d1947-
_934906
245 1 0 _aDesigning the user interface :
_bstrategies for effective human-computer interaction /
_cBen Shneiderman & Catherine Plaisant.
250 _a5th ed.,
_binternational ed.
260 _aUpper Saddle River, United States :
_bPearson Education,
_cc.2010.
300 _a624 p. :
_bill. (col.) ;
_c24 cm.
500 _aIncludes indexes.
504 _aIncludes bibliographical references.
650 0 _aHuman-computer interaction
_9859
650 0 _aUser interfaces (Computer systems)
_92676
653 _bCS
_cJanuary2014
655 _vtext book
_933728
700 1 _aPlaisant, Catherine
_934907
942 _2ddc
_k004.019 SHN
999 _c17953
_d17925